Welcome to Marium Abdulla Library

Embrace knowledge with a breath of fresh air.

Browse Collection

Marium Abdulla Library

Holy Bible (ESV) : (Record no. 8997)

MARC details
000 -LEADER
fixed length control field 00369nam a2200169Ia 4500
001 - CONTROL NUMBER
control field 9645
005 - DATE AND TIME OF LATEST TRANSACTION
control field 20250626030243.0
008 - FIXED-LENGTH DATA ELEMENTS--GENERAL INFORMATION
fixed length control field 211022s9999 xx 000 0 und d
082 ## - DEWEY DECIMAL CLASSIFICATION NUMBER
Classification number 220.52 GOO
100 ## - MAIN ENTRY--PERSONAL NAME
Personal name Good News Publishers
245 #0 - TITLE STATEMENT
Title Holy Bible (ESV) :
260 ## - PUBLICATION, DISTRIBUTION, ETC.
Place of publication, distribution, etc. "Wheaton, ILL."
260 ## - PUBLICATION, DISTRIBUTION, ETC.
Name of publisher, distributor, etc. Crossway
260 ## - PUBLICATION, DISTRIBUTION, ETC.
Date of publication, distribution, etc. 2002
300 ## - PHYSICAL DESCRIPTION
Extent 1074
942 ## - ADDED ENTRY ELEMENTS (KOHA)
Koha item type Book
Holdings
Date last seen Total checkouts Full call number Barcode Date last checked out Price effective from Koha item type Lost status Damaged status Not for loan Collection Withdrawn status Home library Current library Shelving location Date acquired Source of acquisition Cost, normal purchase price
10/24/2023 1 220.52 GOO 9645 10/24/2023 10/26/2021 Book       Liberal Arts   Marium Abdulla Library Marium Abdulla Library Non-Ref 06/15/2010 Progressive International 898.00